=LDR 00000nam 2200000 4500 =001 INLIS000000000000125 =005 20150116142943.0 =006 =007 =008 Ind =035 ##$$0010-061300000000125 =041 ##$$a Ind =082 ##$$a 915.2 =090 ##$$a 915.2 Mor p =100 ##$$a Moriyana, Tae =245 ##$$a Petunjuk praktis memahami tanda berhuruf kanji / Tae Moriyama;penerjemah Nasir Ramli =260 ##$$aJakarta$bKasaint Blanc$c1996 =300 ##$$a vi,233 hlm. : 18 cm =650 ##$$a Bahasa Jepang =650 ##$$a Deskripsi dan Perjalanan =700 ##$$a Ramli,Nasir =850 ##$$a NBPDMAT